000
00330nam a2200133Ia 4500
008
240624s9999 xx 000 0 und d
041
_a
eng
082
_a
658.314 NIS
100
_a
RICHARD NISBETT
245
_a
MINDWARE TOOLS FOR SMART THINKING
260
_c
2015
_a
India
_b
Penguin
300
_a
320 : p. : cm. ; 22
365
_c
RS
999
_c
28099
_d
28099